[Event "AUT-ch U14 Online Rapid"]
[Site "Playchess.com INT"]
[Date "2020.12.13"]
[Round "7"]
[White "Busta, Valentin"]
[Black "Broneder, Kurt1111"]
[Result "1-0"]
[WhiteElo "1437"]
[BlackElo "1554"]
[PlyCount "69"]
[EventDate "2020.12.13"]
[EventType "swiss (rapid)"]
[EventRounds "7"]
[EventCountry "AUT"]
[SourceTitle "EXT 2022"]
[Source "ChessBase"]
[SourceDate "2021.10.06"]
[SourceVersion "1"]
[SourceVersionDate "2021.10.06"]
[SourceQuality "1"]

1. c4 Nf6 2. d3 g6 3. g3 d5 4. Bg2 c5 5. cxd5 Nxd5 6. Nc3 Nxc3 7. bxc3 Nc6 8. Bd2 Bd7 9. Nf3 Bg7 10. Rb1 Qc7 11. Bf4 e5 12. Bd2 0-0 13. 0-0 Rfe8 14. e4 Rad8 15. Be3 b6 16. Qc2 Bg4 17. h3 Bxf3 18. Bxf3 Qd7 19. Kg2 Qxd3 20. Qb3 Na5 21. Qa3 Qc2 22. Rbc1 Qd3 23. Rfd1 Qb5 24. Rb1 Qc6 25. Rd5 Qc7 26. Qa4 a6 27. c4 Rxd5 28. Qxe8+ Bf8 29. exd5 Nxc4 30. Bh6 Qd6 31. Bxf8 Qxf8 32. Qxf8+ Kxf8 33. Be2 Nd6 34. Rxb6 Ke7 35. Rxa6 1-0

[Event "AUT-ch U10"]
[Site "St Veit"]
[Date "2016.05.28"]
[Round "4.5"]
[White "Busta, Valentin"]
[Black "Gschiel, Alexander"]
[Result "0-1"]
[WhiteElo "918"]
[BlackElo "1310"]
[PlyCount "66"]
[EventDate "2016.05.27"]
[EventType "swiss"]
[EventRounds "7"]
[EventCountry "AUT"]
[SourceTitle "EXT 2024"]
[Source "ChessBase"]
[SourceDate "2023.10.10"]
[SourceVersion "1"]
[SourceVersionDate "2023.10.10"]
[SourceQuality "1"]

1. g3 d5 2. Nf3 c5 3. Bg2 Nc6 4. d3 Nf6 5. 0-0 Bg4 6. Nbd2 e6 7. Nb3 Be7 8. Be3 c4 9. dxc4 dxc4 10. Qxd8+ Rxd8 11. Nbd2 b5 12. Rfe1 0-0 13. Ng5 Nb4 14. Rec1 Bxe2 15. Bxa7 Rxd2 16. c3 Nd3 17. Be3 Rxb2 18. Rcb1 Ng4 19. Rxb2 Nxb2 20. Ne4 Nxe3 21. fxe3 Nd3 22. Rb1 Rb8 23. Bf1 Bxf1 24. Kxf1 f5 25. Nd2 Bf6 26. Nxc4 Bxc3 27. a4 b4 28. Ke2 Nc5 29. Nb2 Bxb2 30. Rxb2 Nxa4 31. Rb1 Nc3+ 32. Kd2 Nxb1+ 33. Kc2 Nc3 0-1